50 philosophes occidentaux - Statistiques

Statistiques générales
  • Ce quiz a été pris 141 fois
  • Le résultat moyen est 20 sur 50
Statistiques - réponses
Dates Nationalité Œuvres Réponse % Correct
Ve et IVe siècle avant J.-C. Grec Phédon, La République, Phèdre, … Platon
100%
IVe siècle avant J.-C. Grec Métaphysique, Catégories, Ethique à Nicomaque, … Aristote
88%
1596-1650 Français Discours de la méthode, Méditations métaphysiques, Les Passions de l'âme, … René Descartes
82%
1818-1883 Allemand Manuscrits de 1844, Le Capital, … Karl Marx
80%
1712-1778 Français Discours sur les sciences et les arts, Du contrat social, … Jean-Jacques Rousseau
79%
1724-1804 Allemand Critique de la raison pure, Fondements de la métaphysique des mœurs, … Emmanuel Kant
77%
1905-1980 Français L'Être et le Néant, Critique de la raison dialectique, … Jean-Paul Sartre
75%
1908-1986 Française Le Deuxième Sexe, … Simone de Beauvoir
75%
1623-1662 Français Les Provinciales, Pensées, … Blaise Pascal
69%
1689-1755 Français De l'esprit des lois, … Montesquieu
69%
1533-1592 Français Essais Michel de Montaigne
65%
1632-1677 Néerlandais Traité théologico-politique, Ethique, … Baruch Spinoza
60%
1770-1831 Allemand Phénoménologie de l'esprit, Principes de la philosophie du droit, … Georg Wilhelm Friedrich Hegel
57%
1711-1776 Ecossais Traité de la nature humaine, Enquête sur l'entendement humain, … David Hume
53%
1788-1860 Allemand Le monde comme volonté et comme représentation, … Arthur Schopenhauer
51%
IVe et IIIe siècle avant J.-C. Grec Lettre à Hérodote, Lettre à Ménécée, … Epicure
51%
1926-1984 Français Les Mots et les Choses, Surveiller et Punir, … Michel Foucault
47%
1632-1704 Anglais Traité du gouvernement civil, Essai sur l'entendement humain, … John Locke
46%
1889-1976 Allemand Être et Temps, Lettre sur l'humanisme, … Martin Heidegger
46%
354-430 Romain (berbère romanisé) Confessions, La Cité de Dieu, … Augustin d'Hippone
44%
1859-1941 Français Essai sur les données immédiates de la conscience, La Pensée et le Mouvant, … Henri Bergson
40%
1798-1857 Français Cours de philosophie positive, … Auguste Comte
38%
1126-1198 Arabe Grand Commentaire du De anima, Discours décisif, … Averroès
38%
Ier siècle avant J.-C. Romain De Republica, De officiis, … Cicéron
37%
1646-1716 Allemand Discours de métaphysique, Monadologie, … Gottfried Wilhelm Leibniz
37%
1859-1938 Allemand Idées directrices pour une phénoménologie, Méditations cartésiennes, … Edmund Husserl
36%
1806-1873 Anglais De la liberté, L'Utilitarisme, … John Stuart Mill
36%
1813-1855 Danois Le Concept d'angoisse, Post-scriptum aux Miettes philosophiques, … Sören Kierkegaard
36%
1956 (toujours vivante) Américaine Trouble dans le genre, … Judith Butler
32%
1889-1951 Autrichien (naturalisé britannique) Tractatus logico-philosophicus, Investigations philosophiques, … Ludwig Wittgenstein
31%
1908-1961 Français Phénoménologie de la perception, L'Œil et l'Esprit, … Maurice Merleau-Ponty
30%
1225-1226 Italien Somme théologique Thomas d'Aquin
29%
1902-1994 Autrichien (naturalisé britannique) Logique de la découverte scientifique, La société ouverte et ses ennemis, … Karl Popper
28%
1925-1961 Français Peau noire, masques blancs, Les Damnés de la Terre, … Frantz Fanon
27%
1921-2002 Américain Théorie de la justice, La justice comme équité, … John Rawls
25%
1561-1626 Anglais Novum Organum, Du progrès et de la promotion des savoirs, … Francis Bacon
24%
1930-2004 Français De la grammatologie, L'Écriture et la Différence, … Jacques Derrida
24%
1872-1970 Britannique Principia Mathematica, De la dénotation, … Bertrand Russel
23%
980-1037 Persan Canon de la médecine, Livre de la guérison, … Avicenne
21%
1913-2005 Français Temps et récit, Soi-même comme un autre, … Paul Ricoeur
19%
IIIe siècle Grec Ennéades Plotin
19%
1918-1990 Français Lire le Capital (collectif), Idéologie et appareils idéologiques d'État, … Louis Althusser
16%
1885-1971 Hongrois La Théorie du Roman, Histoire et Conscience de classe, … Georg Lukács
15%
1929 (toujours vivant) Allemand Théorie de l’agir communicationnel, La Transformation de la sphère publique Jürgen Habermas
14%
IIe et IIIe siècle Grec Esquisses pyrrhoniennes, … Sextus Empiricus
14%
1922-1997 Grec (naturalisé français) L'Institution imaginaire de la société, Les carrefours du labyrinthe, … Cornelius Castoriadis
12%
1913-1970 Roumain (naturalisé français) Le Dieu caché, Sciences humaines et philosophie, … Lucien Goldmann
10%
1938-2002 Américain Anarchie, Etat et Utopie, … Robert Nozick
9%
1942 (toujours vivante) Italienne Caliban et la sorcière. Femmes, corps et accumulation primitive, … Silvia Federici
7%
1926-2016 Américain Raison, Vérité et Histoire, Le Réalisme à Visage Humain, … Hilary Putnam
5%
Aucun quiz correspondant
Distribution des résultats
% des personnes avec chaque résultat
Percentile par nombre de réponses
Votre historique - résultats
Vous n’avez pas pris ce quiz